Technological Trajectories, Markets, Institutions : (Record no. 614470)

MARC details
000 -LEADER
fixed length control field 00555nam a2200181 a 4500
008 - FIXED-LENGTH DATA ELEMENTS--GENERAL INFORMATION
fixed length control field 260220s2002##################000#0#eng##
020 ## - INTERNATIONAL STANDARD BOOK NUMBER
ISBN 9783906767758
082 04 - DEWEY DECIMAL CLASSIFICATION NUMBER
Classification number 338.064
Item number TIS
100 1# - MAIN ENTRY--AUTHOR NAME
Personal name Merger, Michèle,
245 10 - TITLE STATEMENT
Title Technological Trajectories, Markets, Institutions :
260 ## - PUBLICATION, DISTRIBUTION, ETC. (IMPRINT)
Name of publisher Peter Lang Gmbh, Internationaler Verlag Der Wissenschaften,
Year of publication 2002.
650 #0 - SUBJECT ADDED ENTRY--TOPICAL TERM
Topical Term Technological innovations.
942 ## - ADDED ENTRY ELEMENTS (KOHA)
Koha item type English Books

No items available.

Find us on the map